000 00418nam a2200181Ia 4500
001 14953
005 20260306164952.0
008 260306t2007||||xx |||||||||||||| ||spa||
041 _aESP
082 _a519.5
_bS78F
100 _aStataCorp LP
_eAUT
245 0 _aStata base reference manual
260 _c2007
300 _a635 páginas :
_c23 cm.
650 _aGEN
654 _aCMA
942 _cLIB
_dJUS
_fJUS
_2ddc
_n
999 _c14953
_d14953